Normal view
MARC view
- Seerat Hazrat Abu Bakar Siddique (R.A)
Entry Topical Term
001 - CONTROL NUMBER
- control field: 125127
003 - CONTROL NUMBER IDENTIFIER
- control field: NUST
005 - DATE AND TIME OF LATEST TRANSACTION
- control field: 20240813165908.0
008 - FIXED-LENGTH DATA ELEMENTS
- fixed length control field: 240813|| aca||aabn | a|a d
040 ## - CATALOGING SOURCE
- Original cataloging agency: NUST
- Transcribing agency: NUST
150 ## - HEADING--TOPICAL TERM
- Topical term or geographic name entry element: Seerat Hazrat Abu Bakar Siddique (R.A)
670 ## - SOURCE DATA FOUND
- Source citation: Work cat.: (NUST): Muhammad Ilyas Adil 25836, Seerat Hazrat Abu Bakar Siddique (R.A), 2003.
